Penguin Pete / (Record no. 4415)

MARC details
000 -LEADER
fixed length control field 00855pam a2200241 a 4500
005 - DATE AND TIME OF LATEST TRANSACTION
control field 20260227100133.0
020 ## - INTERNATIONAL STANDARD BOOK NUMBER
International Standard Book Number 0735841187
040 ## - CATALOGING SOURCE
Original cataloging agency DLC
Transcribing agency DLC
Modifying agency DLC
Language of cataloging eng
050 00 - LIBRARY OF CONGRESS CALL NUMBER
Classification number PZ73.P4945
082 00 - DEWEY DECIMAL CLASSIFICATION NUMBER
Classification number 833.914
100 1# - MAIN ENTRY--PERSONAL NAME
Personal name Pfister, Marcus
245 10 - TITLE STATEMENT
Title Penguin Pete /
Statement of responsibility, etc. Marcus Pfister : Translated by Anthea Bell
260 ## - PUBLICATION, DISTRIBUTION, ETC.
Place of publication, distribution, etc. Faellanden, Switzerland :
Name of publisher, distributor, etc. North-South Books ;
Place of publication, distribution, etc. New York, N.Y. :
Name of publisher, distributor, etc. Distributed in the U.S. by H. Holt,
Date of publication, distribution, etc. 1987 .
300 ## - PHYSICAL DESCRIPTION
Extent 26 unnumbered pages :
Other physical details color illustrations ;
Dimensions 22 cm .
505 ## - FORMATTED CONTENTS NOTE
Formatted contents note R <br/>
520 ## - SUMMARY, ETC.
Summary, etc. Pete the penguin has a good time playing on land with his fellow birds and learning how to swim in the sea.
521 ## - TARGET AUDIENCE NOTE
Target audience note 660 <br/>
Source Lexile AD <br/>
521 ## - TARGET AUDIENCE NOTE
Target audience note R <br/>
Source Raz-Plus <br/>
650 #1 - SUBJECT ADDED ENTRY--TOPICAL TERM
Topical term or geographic name entry element Penguins
General subdivision Fiction.
906 ## - LOCAL DATA ELEMENT F, LDF (RLIN)
a 7
b cbc
c orignew
d 1
e ocip
f 19
g y-gencatlg
942 ## - ADDED ENTRY ELEMENTS (KOHA)
Source of classification or shelving scheme Dewey Decimal Classification
Koha item type Books
Suppress in OPAC No
999 ## -
-- 4415
-- 4415
Holdings
Withdrawn status Lost status Source of classification or shelving scheme Damaged status Not for loan Collection Home library Current library Shelving location Date acquired Total Checkouts Full call number Barcode Date due Date last seen Date last checked out Copy number Price effective from Koha item type
    Dewey Decimal Classification     Juvenile Fiction Footprints International School Library Network Toul Tom Poung Campus Footprints International School Library Network Toul Tom Poung Campus TTP Primary Orange Bookshelves 08/21/2024 1 FIF 833.914 PZ73.P4945 2024-1846 03/13/2026 02/27/2026 02/27/2026 1 08/21/2024 Books